000 00586nam a22001937a 4500
003 OSt
005 20250816031339.0
008 250816b |||||||| |||| 00| 0 eng d
040 _aDWCL-Main Lib
_cOC
082 _aCirc. 657 K47i 1998
100 _aKieso, Donald E.
245 _aIntermediate cccounting
_cDonald E. Kieso and Jerry J. Weygandt
250 _a9th edition
260 _aNew York :
_bJohn Wiley & Sons, Inc.,
_cc1998.
300 _a1423 p. :
_billustration ;
_c22 cm.
650 _aAccounting
700 _aWeygandt, Jerry J.
942 _2ddc
_cBK-CIRC
_e9th
_kCirc.
_n0
999 _c3987
_d3987